| 000 | 01247nam a2200301 a 4500 | ||
|---|---|---|---|
| 005 | 20080616100023.0 | ||
| 008 | 070814s2007 ii 001 0 eng | ||
| 010 | _aENG-91537 | ||
| 020 |
_a9780195694956 _c695.00 |
||
| 020 |
_a0195694953 _c695.00 |
||
| 035 | _aEN-75070 | ||
| 037 | _bDBAD / PUB | ||
| 040 |
_adpl _bEnglish |
||
| 082 | _a302.23088297 | ||
| 245 |
_aMuslims and media images: _cedited by Ather Farouqui _bnews versus views / |
||
| 260 |
_aNew Delhi _bOxford University Press _c2009 |
||
| 270 |
_aYMCA Library Building , Jai Singh Road, _bNew Delhi _e110001 |
||
| 300 |
_axiv, 354 p. _c23 cm (Hb) |
||
| 500 | _aIncludes index | ||
| 520 | _aContributed articles chiefly with reference to India. | ||
| 650 | _aIslam in mass media | ||
| 650 |
_aMass media _xObjectivity _zIndia |
||
| 650 |
_aMuslims _xPublic opinion _zIndia |
||
| 700 | _aAther Farouqui | ||
| 942 |
_2ddc _cEN _mMUS _h302.23088297 |
||
| 999 |
_c18122 _d18122 |
||